| 000 | 00561nam a22001937a 4500 | ||
|---|---|---|---|
| 005 | 20260515114848.0 | ||
| 008 | 201006b ||||| |||| 00| 0 eng d | ||
| 020 | _a9789382267089 | ||
| 040 | _cCLNC | ||
| 041 | _deng | ||
| 082 |
_222 _a810 _bTHI |
||
| 245 |
_aThis unsettling place: _bReadings in American literature/ _cedited by Akhil Katyal and Ananya Dasgupta |
||
| 260 |
_aDelhi: _bWorldview, _c2016 |
||
| 300 | _a376p. | ||
| 650 | _aAmerican literature | ||
| 700 |
_aKatyal, Akhil _eEditor |
||
| 700 |
_aDasgupta, Anannya _eEditor |
||
| 942 |
_2ddc _cBK _e22 |
||
| 999 |
_c11039 _d11039 |
||